| 000 | 00486cam a2200181ua 4500 | ||
|---|---|---|---|
| 020 | _c250.00 | ||
| 041 |
_aeng _h |
||
| 082 |
_a670 _bPAR/EL |
||
| 100 | _aParashar, Nagendra B.S . | ||
| 245 |
_aElements of manufacturing processes / _cB.S.Nagendra Parashar. _hTextual Documents |
||
| 260 |
_aNew Delhi : _bPrentice Hall of India Pvt Ltd. , _c2006. |
||
| 300 | _a ; . | ||
| 365 | _a250.00 | ||
| 504 | _a | ||
| 700 | 1 | _aMittal, R.K . | |
| 942 | _cBK | ||
| 999 |
_c13499 _d13499 |
||